=LDR 00000nam 2200000 4500 =001 INLIS000000000027548 =005 20130612125920 =008 ***********************************Ind** =035 ##$$0010-061300000027548 =041 ##$$a Ind =082 ##$$a 530.07 =090 ##$$a 530.07, Pur s =100 ##$$a Purwanto,Budi =245 ##$$a Sains Fisika jil 2:Konsep dan penerapannya untuk kelas VIII SMP dan MTS, Budi purwanto;Editor,M Mahsan Burhani =260 ##$$a 2007 $b Solo =300 ##$$a Jil, ilus, 28 cm =650 ##$$a Fisika-Studi dan Pengajaran =700 ##$$a Burhani,Mahsan M =850 ##$$a NBPNMAT